Prácticas de materiales ópticos

Gespeichert in:
Bibliographische Detailangaben
1. Verfasser: Navarro Sentanyes, Antonio (autor)
Format: Buch
Sprache:Spanisch
Veröffentlicht: Barcelona Universitat Politécnica de Catalunya 1997
Schlagworte:
Tags: Tag hinzufügen
Keine Tags, Fügen Sie den ersten Tag hinzu!

MARC

LEADER 00000nam a2200000 a 4500
001 UCR7073
003 CL-VaPUC
008 980430e19970000SP |||||||||||||||||spa|d
082 0 4 |a 666.1  |b NAV  |2 21 
100 |a Navarro Sentanyes, Antonio  |e autor  |9 453237 
245 1 0 |a Prácticas de materiales ópticos 
300 |a 99 p 
942 |c BK 
945 |d 19980430 00:00:00  |a rbrito 
260 |a Barcelona  |b Universitat Politécnica de Catalunya  |c 1997 
650 0 |a Instrumentos ópticos  |9 314799 
650 7 |a LENTES  |2 CL-VaPUC  |9 392940 
650 7 |a DISEÑO OPTICO  |2 CL-VaPUC  |9 392941 
650 0 |a Materiales  |9 260800 
650 0 |a Ejercicios   |9 269807 
583 |a last modification  |c 19980430 00:00:00  |k Rodrigo Vera 
999 |c 268923  |d 268921 
952 |0 0  |1 0  |4 0  |6 666_100000000000000_NAV_1997  |7 0  |8 A  |9 302392  |a BIBCUR  |b BIBCUR  |d 2019-11-20  |i 3419479  |o 666.1 NAV 1997  |p 3419479  |r 2025-04-22  |w 2019-11-20  |y BK  |k TEM